ՀՀ Գիտությունների ազգային ակադեմիայի հիմնարար գիտական գրադարան  =   Fundamental Scientific Library of NAS RA

Избранные стихи : (Record no. 479777)

MARC details
000 -LEADER
fixed length control field 00810nam a2200205 a 4500
001 - CONTROL NUMBER
control field 000897167
003 - CONTROL NUMBER IDENTIFIER
control field AM-YeHGA
005 - DATE AND TIME OF LATEST TRANSACTION
control field 20250617161920.0
008 - FIXED-LENGTH DATA ELEMENTS--GENERAL INFORMATION
fixed length control field 120531s1953 ru r 000 0 rus d
040 ## - CATALOGING SOURCE
Original cataloging agency AM-YeHGA
041 1# - LANGUAGE CODE
Language code of text/sound track or separate title rus
090 ## - LOCALLY ASSIGNED LC-TYPE CALL NUMBER (OCLC); LOCAL CALL NUMBER (RLIN)
-- 483124
100 1# - MAIN ENTRY--PERSONAL NAME
Personal name Чагылган, И.
Dates associated with a name 1914-1952
Miscellaneous information Винокуров, Илья Дорофеевич
245 10 - TITLE STATEMENT
Title Избранные стихи :
Remainder of title Перевод с якутского /
Statement of responsibility, etc. И. Чагылган; Рис. А.Ф. Тарана.
260 ## - PUBLICATION, DISTRIBUTION, ETC.
Place of publication, distribution, etc. Москва :
-- Якутск :
Name of publisher, distributor, etc. Якутское кн. изд-во,
Date of publication, distribution, etc. 1953.
300 ## - PHYSICAL DESCRIPTION
Extent 119 стр. :
Other physical details илл., портр. ;
Dimensions 21 см.
650 14 - SUBJECT ADDED ENTRY--TOPICAL TERM
Topical term or geographic name entry element Якутская литература
General subdivision Поэзия
700 1# - ADDED ENTRY--PERSONAL NAME
Personal name Таран, А.Ф.
Relator term худож.
Relationship art
740 0# - ADDED ENTRY--UNCONTROLLED RELATED/ANALYTICAL TITLE
Uncontrolled related/analytical title Великая клятва
Holdings
Withdrawn status Lost status Source of classification or shelving scheme Damaged status Not for loan Collection Home library Current library Date acquired Total checkouts Full call number Barcode Date last seen Price effective from Koha item type Public note
    Universal Decimal Classification     General Fundamental Scientific Library Fundamental Scientific Library 29/11/2018   РД II/25209 FL0531166 29/11/2018 29/11/2018 Գրքեր / Books 30 Days Loan


ՀՀ ԳԱԱ հիմնարար գիտական գրադարան
ՀՀ,Երևան 0019
Մարշալ Բաղրամյան 24/6
հեռախոս:(374-10) 52-47-50
Հետադարձ կապ

All site content, except where otherwise noted, is licensed under a
Creative Commons License